[Event "Foment Martinenc op-C 21st"]
[Site "Barcelona"]
[Date "2019.06.15"]
[Round "8"]
[White "Torres Teruel, Joan"]
[Black "Rigol Martinez, Axel"]
[Result "0-1"]
[WhiteElo "1790"]
[BlackElo "1774"]
[PlyCount "94"]
[EventDate "2019.04.27"]
[EventType "swiss"]
[EventRounds "9"]
[EventCountry "ESP"]
[SourceTitle "EXT 2020"]
[Source "ChessBase"]
[SourceDate "2019.10.17"]
[SourceVersion "1"]
[SourceVersionDate "2019.10.17"]
[SourceQuality "1"]

1. Nf3 d5 2. g3 c5 3. Bg2 Nc6 4. d3 e5 5. Nbd2 Nf6 6. c4 d4 7. Qb3 Qc7 8. Ng5 Be7 9. 0-0 h6 10. Nge4 Nxe4 11. Nxe4 f5 12. Nd2 0-0 13. e4 f4 14. Qd1 a5 15. b3 Be6 16. Nb1 Qd7 17. Qh5 Bg4 18. Qg6 Rf6 19. Qxf6 Bxf6 20. gxf4 exf4 21. Bxf4 Be2 22. Re1 Bxd3 23. e5 Re8 24. Bd5+ Kh8 25. e6 Qd8 26. Na3 Bg5 27. Bg3 Bd2 28. Red1 Bc3 29. Rxd3 Bxa1 30. Nb5 Nb4 31. Rd1 Bc3 32. Nd6 Re7 33. Nxb7 Qa8 34. Nd6 Nxd5 35. cxd5 Qxd5 36. Nb5 Qxe6 37. Bd6 Qg4+ 38. Kf1 Qxd1+ 39. Kg2 Qg4+ 40. Bg3 Re1 41. h3 Qe4+ 42. f3 Qe2+ 43. Bf2 Rf1 44. Kg3 Qxf2+ 45. Kf4 Re1 46. Nd6 Qh4+ 47. Kf5 Qg5# 0-1